Culture Générale - Série 01 - Statistiques

Statistiques générales
  • Ce quiz a été pris 19 692 fois
  • Le résultat moyen est 6 sur 10
Statistiques - réponses
Question Réponse % Correct
Quel est le plus petit Etat indépendant du monde? Vatican
93%
Dans quelle ville espagnole peut-on admirer "la Sagrada Familia" ? Barcelone
89%
De quel peintre « Guernica » est-elle l'œuvre ? Picasso
82%
En France, pour quelle durée les sénateurs sont-ils élus ? 6 ans
75%
Dans quel pays se situe la Tasmanie ? Australie
62%
De quel pays Sucre est-elle la capitale ? Bolivie
58%
Quelle ville désigne t’on sous le nom de « Cité des Papes » ? Avignon
55%
Quel physicien allemand a donné son nom à une échelle de température ? Fahrenheit
47%
Quelle psychanalyste française est une des pionnières de la psychanalyse de l’enfance ? Françoise Dolto
27%
Quel est le département français le moins peuplé ? Lozère
27%
Aucun quiz correspondant
Distribution des résultats
% des personnes avec chaque résultat
Percentile par nombre de réponses
Votre historique - résultats
Vous n’avez pas pris ce quiz